000 00787nam a22002897a 4500
001 BR9001443
003 BR-BrBNA
005 20230928093410.0
007 ta
008 230509b bl.||||| |||| 00| 0 por d
040 _aBR-BrBNA
_bpor
_cBiblioteca Nacional de Agricultura
041 _a(Por)
072 _aE16
_b/G514
090 _ E16 BR9001443
110 1 _aGrupo de Coordenacao de Estatisticas Agropecuarias, Macapa, AP (Brasil)
_95441
245 1 _aAspectos da agropecuaria amapaense 1989
_bv. 1
260 3 _aMacapa, AP (Brasil):
_c1989.
300 _a36 p.
500 _aNumerical data
650 _aLAVOURA
650 _aREBANHO
650 _aCENSO
650 _aESTATISTICA DE PRODUCAO
650 _aAMAPA
909 _a202309
_bLucia
_c55
_dLucia Elande
942 _cBK
999 _c44759
_d44759